Теория перевода для иностранных слушателей: электронный курс
| Autor principal: | |
|---|---|
| Autor corporatiu: | |
| Sumari: | Заглавие с экрана Онлайн-курс предназначен для слушателей ДПП «Переводчик в сфере профессиональной коммуникации» (русский язык), осваивающих дисциплину «Теория перевода» во втором семестре обучения по программе. Цель курса: освоение основных понятий и положений лингвистической теории перевода, обобщённых в рамках этой науки приемов и путей решения переводческих задач. Доступ по логину и паролю |
| Idioma: | rus |
| Publicat: |
Томск, TPU Moodle, 2020
|
| Matèries: | |
| Accés en línia: | https://design.lms.tpu.ru/course/view.php?id=3832 |
| Format: | MixedMaterials Electrònic Llibre |
| KOHA link: | https://koha.lib.tpu.ru/cgi-bin/koha/opac-detail.pl?biblionumber=663956 |
MARC
| LEADER | 00000nlm0a2200000 4500 | ||
|---|---|---|---|
| 001 | 663956 | ||
| 005 | 20231225154243.0 | ||
| 035 | |a (RuTPU)RU\TPU\network\35126 | ||
| 035 | |a RU\TPU\network\35124 | ||
| 090 | |a 663956 | ||
| 100 | |a 20210319d2020 m y0rusy50 ca | ||
| 101 | 0 | |a rus | |
| 102 | |a RU | ||
| 105 | |a a j 000zy | ||
| 135 | |a jrcn ---uucaa | ||
| 181 | 0 | |a i | |
| 182 | 0 | |a b | |
| 200 | 1 | |a Теория перевода для иностранных слушателей |e электронный курс |f Т. Б. Фрик |g Национальный исследовательский Томский политехнический университет, Школа базовой инженерной подготовки, Отделение русского языка | |
| 203 | |a Текст |c электронный | ||
| 210 | |a Томск |c TPU Moodle |d 2020 | ||
| 300 | |a Заглавие с экрана | ||
| 330 | |a Онлайн-курс предназначен для слушателей ДПП «Переводчик в сфере профессиональной коммуникации» (русский язык), осваивающих дисциплину «Теория перевода» во втором семестре обучения по программе. Цель курса: освоение основных понятий и положений лингвистической теории перевода, обобщённых в рамках этой науки приемов и путей решения переводческих задач. | ||
| 333 | |a Доступ по логину и паролю | ||
| 606 | 1 | |a Русский язык |x Учебные руководства и пособия для вузов |x Пособия по стилистике и переводу |2 stltpush |3 (RuTPU)RU\TPU\subj\74662 |9 86753 | |
| 610 | 1 | |a электронный ресурс | |
| 610 | 1 | |a труды учёных ТПУ | |
| 610 | 1 | |a электронное обучение | |
| 610 | 1 | |a электронные курсы ТПУ | |
| 610 | 1 | |a электронные учебные пособия | |
| 610 | 1 | |a учебные пособия | |
| 610 | 1 | |a дистанционное обучение | |
| 610 | 1 | |a переводческая деятельность | |
| 610 | 1 | |a техники | |
| 610 | 1 | |a переводы | |
| 686 | |a Ш141.2-923.7 |2 rubbk | ||
| 700 | 1 | |a Фрик |b Т. Б. |c филолог |c доцент Томского политехнического университета, кандидат филологических наук |f 1979- |g Татьяна Борисовна |3 (RuTPU)RU\TPU\pers\24603 |9 10893 | |
| 712 | 0 | 2 | |a Национальный исследовательский Томский политехнический университет |b Школа базовой инженерной подготовки |b Отделение русского языка |3 (RuTPU)RU\TPU\col\23517 |
| 801 | 2 | |a RU |b 63413507 |c 20220325 |g RCR | |
| 856 | 4 | |u https://design.lms.tpu.ru/course/view.php?id=3832 | |
| 942 | |c CF | ||